How I Met Your Mother Chracters - Statistics

General Stats
  • This quiz has been taken 369 times
  • The average score is 5 of 5
Answer Stats
Hint Answer % Correct
Ted
100%
Barney
99%
Lily
99%
Robin
99%
Marshall
98%
No matching quizzes found
Score Distribution
Percent of People with Each Score
Percentile by Number Answered
Your Score History
You have not taken this quiz